Turbomáquinas hidráulicas: principios fundamentales

Na minha lista:
Detalhes bibliográficos
Autor principal: Polo Encinas, Manuel (Autor)
Formato: Livro
Idioma:espanhol
Publicado em: Ciudad de México Limusa 1975
Assuntos:
Tags: Adicionar Tag
Sem tags, seja o primeiro a adicionar uma tag!

MARC

LEADER 00000nam a2200000 a 4500
001 UCP0901
003 CL-VaPUC
008 990319e19750000MX |||||||||||||||||spa|d
082 0 4 |a 621.67  |b POL  |2 21 
100 0 |a Polo Encinas, Manuel  |e author  |9 426548 
245 1 0 |a Turbomáquinas hidráulicas: principios fundamentales 
300 |a 261 p 
942 |c BK 
945 |d 19990319 00:00:00  |a lriquelm 
260 |a Ciudad de México  |b Limusa  |c 1975 
650 7 |a TURBOMAQUINAS  |2 CL-VaPUC  |9 271799 
650 7 |a BOMBAS ROTATIVAS  |2 CL-VaPUC  |9 271824 
650 7 |a MAQUINARIA DE BOMBEO  |2 CL-VaPUC  |9 260377 
583 |a last modification  |c 19990319 00:00:00  |k Rodrigo Vera 
999 |c 279636  |d 279634 
952 |0 0  |1 0  |2 ddc  |4 0  |6 621_670000000000000_POL_1975  |7 0  |8 A  |9 319254  |a BIBMEC  |b BIBMEC  |d 2019-11-20  |i 1329049  |l 1  |o 621.67 POL 1975  |p 1329049  |r 2024-01-19  |s 2022-03-11  |w 2019-11-20  |y BK  |k MEC